History Quiz

Random History or Decade Quiz

1970s World History Quiz Stats

 Plays Quiz Updated Feb 26, 2019

Score 0/25 Timer 06:00
7 Plays Today
Date Answer % Correct
April 10, 1970Paul McCartney
93.7%
August 16, 1977Elvis Presley
90.1%
June 17, 1972Watergate
88.1%
July 4, 1976United States
88.1%
May 3, 1979Margaret Thatcher
87.5%
November 4, 1979Iran
81.1%
June 14, 1974Heimlich
80.2%
June 8, 1973Pablo Picasso
78.8%
September 5, 1972 Munich
78.6%
December 26, 1979Afghanistan
76.8%
September 18, 1976Mao Zedong
75.1%
October 16, 1978Pope John Paul II
71.3%
January 25, 1971Idi Amin
68.9%
Date Answer % Correct
August 2, 1971 Central Intelligence Agency
66.8%
November 12, 1970Charles de Gaulle
66.3%
October 6, 1973Yom Kippur
60.5%
April 25, 1971Bangladesh
59.1%
October 5, 1970Anwar al-Sadat
54.3%
March 31, 1979Israel-Egypt
48.3%
April 17, 1975Khmer Rouge
46%
February 26, 1979Ayatollah Khomeini
37.3%
June 18, 1979SALT II
26.8%
September 11, 1973President Salvador Allende
25.9%
July 25, 1979Sandinistas
25.7%
April 13, 1975Lebanon
18.9%

You're not logged in!

Compare scores with friends on all Sporcle quizzes.
OR
Log In

Sporcle TV

Today on Sporcle TV


Watch our educational content, quiz creation guides, and fun videos on Sporcle TV.

Show Comments

Extras

Top Quizzes Today


Score Distribution

Your Account Isn't Verified!

In order to create a playlist on Sporcle, you need to verify the email address you used during registration. Go to your Sporcle Settings to finish the process.

Report this User

Report this user for behavior that violates our Community Guidelines.

Details: